LES 40,000 HEURES/

Guardado en:
Detalles Bibliográficos
Autor principal: Fourastié, Jean (autor)
Formato: Libro
Temas:
Etiquetas: Agrega una etiqueta
Sin etiquetas, Sé el primero en etiquetar este registro!

MARC

LEADER 00000nam^a2200000^a^4500
001 000220909
005 20250521000000.0
009 20260310103902.048
035 |a 014460 
037 |a Acervo Xavier Clavigero 
082 |a 331.  |b FOU 
100 |a Fourastié, Jean  |e (autor) 
245 1 4 |a LES 40,000 HEURES/  |c JEAN FOURASTIE 
264 |a París, Francia :  |b Robert Laffont,  |c 1965 
300 |a 246p. 2ej. 
336 |a texto  |b txt  |2 rdacontenido 
337 |a sin mediación  |b n  |2 rdamedio 
338 |a volumen  |b nc  |2 rdasoporte 
649 |a XX 
650 |a TRABAJO Y TRABAJADORES 
650 |a Jornada Laboral 
650 |a Filosofía 
910 |a Fondo General 
920 |a Impresos - Libros 
930 |a Colección General 
905 |a 101 
901 |a 014460  |b IT1  |c ACC  |i 014460  |u 20250521 
901 |a 042489  |b IT1  |c ACC  |i 042489  |u 20250521 
902 |a https://opac.biblio.iteso.mx/vufind/Record/000220909